000 00519nam a22001697a 4500
999 _c19300
_d19300
003 BDDh-ASL
005 20231015025754.0
008 201123s1951 ii ||||| |||| 00| 0 eng d
040 _aBDDh-ASL
_cBDDh-ASL
082 _a295
_bGOS
100 1 _92192
_aGreenlees, Duncan
245 1 4 _aThe Gospel of Zarathushtra :
_b"Good thoughts, good words, good deeds." /
260 _aAdyar,
_bThe Theosophical Publishing House,
_c1951.
300 _a301 p. :
_c18 cm.
650 0 _92193
_aZarathushtra
_xGospel
942 _2ddc
_cBK